Normal view
MARC view
Entry Personal Name
001 - CONTROL NUMBER
- control field: 27328
003 - CONTROL NUMBER IDENTIFIER
- control field: dpl
005 - DATE AND TIME OF LATEST TRANSACTION
- control field: 20110418114859.0
008 - FIXED-LENGTH DATA ELEMENTS
- fixed length control field: 110418|||a|||||| | ||| d
040 ## - CATALOGING SOURCE
- Original cataloging agency: dpl
- Transcribing agency: dpl
100 ## - HEADING--PERSONAL NAME
- Personal name: Gandhi, Mahatma,
- Dates associated with a name: 1869-1948.
670 ## - SOURCE DATA FOUND
- Source citation: Work cat.: (dpl)36426: Nair, Keshavan 27327, A higher standard of leadership :, 2010
670 ## - SOURCE DATA FOUND
- Source citation: Work cat.: (dpl)36426: Nair, Keshavan 27327, A higher standard of leadership :, 2010
